000 01956nam a2200325 u 4500
001 000002027
003 DO-SdBNP
005 20240408134827.0
007 ta
008 090630s2007 dr abc r 000 0 spa d
020 _a9789993439479
040 _aDO-SdBNP
_bspa
_cBNPHU
082 4 _a972.9384
_bC355s
_222
100 1 _aCastro Cotes, Norman Augusto de,
_d1933-
_96545
245 1 0 _aSanta Cruz del Seibo :
_bapuntes para la historia /
_cNorman de Castro.
260 _aSanto Domingo :
_bLibrería La Trinitaria,
_c2007.
300 _a201 p. :
_bil., mapa., retr. ;
_c23 cm.
500 _aIncluye datos biográficos del autor e la solapas
500 _aIncluye referencias bibliográficas y notas al pie de las páginas
504 _aBibliografía : p. 199-201
505 _aAgradecimientos -- Advertencia -- A manera de prólogo -- Sobre el nombre de la villa -- Sobre la fecha de su fundación -- De los caciques de Higüey -- Guerras del cacicazgo de Higüey -- Concesión de armas y blasones -- Datos del arzobispo Domingo Fernández de Navarrete -- Fundación de El Seibo y algunas noticias sobre su iglesia (conferencia) -- Despoblación y segundo asentamiento -- Destrucción por terremoto y tercer asentamiento -- El Seibo y los seibanos en la historia -- Hitos y tradiciones seibanas -- Tres sonetos de Emilio A. Morel -- Historia de la división territorial de la provincia de El Seibo y demás provincias y poblaciones de la región oriental -- Epílogo -- Bibliografía consultada.
590 _aInventariado, 2021/MFF
600 0 _aSantana, Pedro.
_d1801-1864
_96546
650 4 _aSanta Cruz del Seibo (República Dominicana)
_xHistoria
_96547
650 4 _aSanta Cruz del Seibo (República Dominicana)
_xVida social y costumbres
_96548
650 4 _aCiudades y pueblos
_xRepública Dominicana
_91095
651 4 _aRepública Dominicana
_xHistoria
_y1844-1861
_96549
910 _aValidado. Control de calidad MMOLINA
942 _2ddc
_cLBS1
999 _c1892
_d1892